| 000 | 00711cam a2200277 4500 | ||
|---|---|---|---|
| 001 | M2171 | ||
| 008 | 090401t1997 xxu||||| |||| 00| 0 eng d | ||
| 020 | _a3211828397 | ||
| 035 | _a(Sirsi) u36916 | ||
| 041 | _aeng | ||
| 050 | _a526.9823 | ||
| 100 | _aHofmann-Wellenhof, Bernhard | ||
| 245 | _aGlobal positioning system theory and practice. | ||
| 250 | _a4th ed. | ||
| 260 |
_aNew York _bSpringer-Verlag Wien _c1997 |
||
| 300 | _axxii,389p. ; 24cm. | ||
| 350 | _a37 | ||
| 650 | _aGLOBAL POSITIONING SYSTEMS | ||
| 650 | _aGPS | ||
| 650 | _aSATELLITE SURVEYING | ||
| 690 | _aLAND SURVEYING | ||
| 700 | _aLichtenegger, Herbert | ||
| 700 | _aCollins, James | ||
| 942 | _n0 | ||
| 948 | _c04/03/1997 | ||
| 999 |
_c90405 _d90405 |
||